000
00314nam a22001457a 4500
008
230321b ||||| |||| 00| 0 eng d
020
_a
9781470100896
041
_a
eng
080
_a
34
082
_a
34KIN
100
_a
31
101
_a
JUREDIK
245
_a
THE CODE OF HAMMURABI
_c
KING.W.L
942
_2
udc
_c
BK
999
_c
59407
_d
59407